000 00709cam a22001694a 4500
005 20250605163405.0
008 250528s ||||||||||||||||||||||||d
035 _a18200
040 _aGR-AtMCL
_bgre
_dGR-AtMCL
_eAACR2
245 1 _aTurbo Profiler / User's Guide
260 _bBorland International, Inc.,
_c1991
300 _a230
520 _aIntroduction, A Sample Profiling Session, The Turbo Profiler Environment, Profiling Strategies, Inside the Profiler, Turbo Profiler's Command-Line Options, Customizing Turbo Profiler, Remote Profiling, Turbo Profiler for Windows, Virtual Profiling on the 80386 Processor, Prompts and Error Messages, Index.
942 _cBK
999 _c3577
_d3577